Estadísticas para Países con la Edad Media más Joven

Haz click aquí para intentar la prueba.

Estadísticas generales

  • Esta prueba ha sido intentada 735 veces
  • La puntuación promedio es 15 de 20

Estadísticas de respuestas

Edad MediaPaís% Correcto
15.3Níger
92%
18.4R. D. Congo
90%
18.3Nigeria
89%
17.8Etiopía
85%
17.6Chad
84%
17.9Somalia
84%
18.2Angola
83%
16.2Malí
81%
17.1Mozambique
79%
15.7Uganda
79%
17.6Tanzania
78%
17.1Sudán del Sur
77%
16.7Zambia
77%
18.5Camerún
76%
17.0Burundi
75%
17.2Burkina Faso
68%
18.0Benín
67%
16.5Malaui
67%
18.3Liberia
64%
18.2Santo Tomé y Príncipe
41%

Distribución de puntuación

Porcentaje por número respondido

Porcentaje de gente con cada puntuación

Historial de tus puntuaciones

No has intentado esta prueba.